| 000 | 00581nam a2200193 4500 | ||
|---|---|---|---|
| 003 | OSt | ||
| 005 | 20230907111120.0 | ||
| 008 | 708 R549v | ||
| 040 | _cLado V | ||
| 082 |
_a741.24 _bT693c |
||
| 100 |
_91028 _aTorres, Ricardo _eautor |
||
| 245 | _aRicardo Torres/ | ||
| 260 |
_aSan Salvador _bColectivo Hétero _c2005 |
||
| 300 |
_a24p. _c21x21cm |
||
| 650 |
_2Tesauro de Arte & Arquitectura _aARTE _9702 |
||
| 650 |
_2Tesauro de Arte & Arquitectura _aDIBUJO _9702 |
||
| 650 |
_2Tesauro de Arte & Arquitectura _aGRAFITO _9702 |
||
| 942 |
_2ddc _c1 _h741.24 _iT693c _n0 |
||
| 999 |
_c4285 _d4285 |
||